Predpoklady prognózovania vo finančnom hospodárení verejnoprospešných organizácií

Koncepcia hospodárskej politiky voči verejnému sektoru. Možnosti transformácie verejnoprospešných organizácií na iné subjekty. Regulácia a deregulácia cien verejnoprospešných statkov a služieb. Ekonomická infraštruktúra a jej väzba na výdavky štátneho rozpočtu.

Na minha lista:
Detalhes bibliográficos
Autor principal: Beňová, Elena
Formato: Capítulo de Livro
Idioma:eslovaco
Assuntos:
Tags: Adicionar Tag
Sem tags, seja o primeiro a adicionar uma tag!

MARC

LEADER 00000naa a2200000 4500
001 r017339
005 20221213092044.0
041 0 |a slo 
044 |a SK 
245 1 0 |a Predpoklady prognózovania vo finančnom hospodárení verejnoprospešných organizácií  |c Elena Beňová 
520 |a Koncepcia hospodárskej politiky voči verejnému sektoru. Možnosti transformácie verejnoprospešných organizácií na iné subjekty. Regulácia a deregulácia cien verejnoprospešných statkov a služieb. Ekonomická infraštruktúra a jej väzba na výdavky štátneho rozpočtu. 
610 2 0 |a politika hospodárska 
610 2 0 |a sektor verejný 
610 2 0 |a transformácia 
610 2 0 |a ceny 
610 2 0 |a statky verejné 
610 2 0 |a infraštruktúra 
610 2 0 |a výdavky rozpočtu štátneho 
610 2 0 |a dotácie 
610 2 0 |a politika finančná 
610 2 0 |a služby 
100 1 |a Beňová, Elena